000 00437nam a2200157Ia 4500
003 GCL
008 140319s9999 xx 000 0 ara d
040 _aGCL /
_cGCL
082 0 4 _a001.94
_bخ ا
100 1 _aخالد العرفى
245 1 0 _aالاطباق الطائرة - تاريخ وقائع احداث /
_cخالد العرفى
300 _a199 ص
490 _a
650 0 4 _aالاطباق الطائرة
942 _2ddc
_cBK
999 _c38506
_d38506